Digital Image processing using MATLAB / (Record no. 17691)
[ view plain ]
| 000 -LEADER | |
|---|---|
| fixed length control field | 01177cam a2200337 a 4500 |
| 001 - CONTROL NUMBER | |
| control field | 16226866 |
| 005 - DATE AND TIME OF LATEST TRANSACTION | |
| control field | 20131028125642.0 |
| 008 - FIXED-LENGTH DATA ELEMENTS--GENERAL INFORMATION | |
| fixed length control field | 100511s2009 enka rb 001 0 eng |
| 010 ## - LIBRARY OF CONGRESS CONTROL NUMBER | |
| LC control number | 2009902793 |
| 020 ## - INTERNATIONAL STANDARD BOOK NUMBER | |
| International Standard Book Number | 0077138619 |
| 020 ## - INTERNATIONAL STANDARD BOOK NUMBER | |
| International Standard Book Number | 9780077138615 |
| 040 ## - CATALOGING SOURCE | |
| Original cataloging agency | DLC |
| Transcribing agency | DLC |
| 042 ## - AUTHENTICATION CODE | |
| Authentication code | pcc |
| 050 00 - LIBRARY OF CONGRESS CALL NUMBER | |
| Classification number | TA1637 |
| Item number | .G66 2009 |
| 082 ## - DEWEY DECIMAL CLASSIFICATION NUMBER | |
| Edition number | 22 |
| Classification number | 621.367 |
| Item number | GON |
| 100 1# - MAIN ENTRY--PERSONAL NAME | |
| Personal name | Gonzalez, Rafael C. |
| 9 (RLIN) | 34247 |
| 245 10 - TITLE STATEMENT | |
| Title | Digital Image processing using MATLAB / |
| Statement of responsibility, etc | Rafael C. Gonzalez, Richard E. Woods, Steven L. Eddins. |
| 250 ## - EDITION STATEMENT | |
| Edition statement | 2nd ed. |
| 260 ## - PUBLICATION, DISTRIBUTION, ETC. (IMPRINT) | |
| Place of publication, distribution, etc | Berkshire : |
| Name of publisher, distributor, etc | McGraw-Hill, |
| Date of publication, distribution, etc | 2011 |
| 300 ## - PHYSICAL DESCRIPTION | |
| Extent | XVIII, 738 : |
| Other physical details | Ill., graph. Darst ; |
| Dimensions | 25 cm. |
| 504 ## - BIBLIOGRAPHY, ETC. NOTE | |
| Bibliography, etc | Includes bibliographical references (p. 725-728) and index. |
| 630 00 - SUBJECT ADDED ENTRY--UNIFORM TITLE | |
| Uniform title | MATLAB. |
| 9 (RLIN) | 34248 |
| 650 #0 - SUBJECT ADDED ENTRY--TOPICAL TERM | |
| Topical term or geographic name as entry element | Image processing |
| General subdivision | Digital techniques. |
| 9 (RLIN) | 34249 |
| 650 #0 - SUBJECT ADDED ENTRY--TOPICAL TERM | |
| Topical term or geographic name as entry element | Image processing |
| General subdivision | Mathematics. |
| 9 (RLIN) | 29464 |
| 653 ## - INDEX TERM--UNCONTROLLED | |
| Resource For college | |
| Arrived date list | October2013 |
| 655 ## - INDEX TERM--GENRE/FORM | |
| Form subdivision | |
| -- | 34232 |
| 700 1# - ADDED ENTRY--PERSONAL NAME | |
| Personal name | Woods, Richard E. |
| Fuller form of name | (Richard Eugene), |
| Dates associated with a name | 1954- |
| 9 (RLIN) | 34250 |
| 700 1# - ADDED ENTRY--PERSONAL NAME | |
| Personal name | Eddins, Steven L., |
| Dates associated with a name | 1964- |
| 9 (RLIN) | 34251 |
| 942 ## - ADDED ENTRY ELEMENTS (KOHA) | |
| Source of classification or shelving scheme | Dewey Decimal Classification |
| Item type | Book - Borrowing |
| Withdrawn status | Item status | Source of classification or shelving scheme | Damaged status | Not for loan | Vendor | Home library | Current library | Shelving location | Date acquired | Source of acquisition | Total Checkouts | Total Renewals | Full call number | Barcode | Checked out | Date last seen | Date last borrowed | Koha item type |
|---|---|---|---|---|---|---|---|---|---|---|---|---|---|---|---|---|---|---|
| Dewey Decimal Classification | Baccah | Central Library | Central Library | First floor | 28/10/2013 | 5 | 11 | 621.367 GON | 000029547 | 12/05/2026 | 05/05/2026 | 05/05/2026 | Book - Borrowing | |||||
| Dewey Decimal Classification | Baccah | Central Library | Central Library | First floor | 30/10/2013 | 3 | 22 | 621.367 GON | 000029564 | 15/07/2025 | 13/10/2019 | Book - Borrowing | ||||||
| Dewey Decimal Classification | Baccah | Central Library | Central Library | First floor | 30/10/2013 | 1 | 89 | 621.367 GON | 000029565 | 31/03/2022 | 24/11/2019 | 24/11/2019 | Book - Borrowing |